000 00931nas a2200301 4500
001 BR9902264
003 BR-BrBNA
005 20231205101407.0
007 ta
008 230509b bl.|||p| |||| 00| 00por d
040 _aBR-BrBNA
_bpor
_cBiblioteca Nacional de Agricultura
041 _a(Pt)
072 _aL01; L02
100 1 _aBaiao, N.C.
100 1 _aCancado, S.V.
100 1 _aLucio, C.G.
245 1 _aEfeito do periodo de incubacao e do intervalo entre o nascimento e o alojamento de pintos sobre o desempenho do frango
650 _aPinto
650 _aIncubacao
650 _aEclosao
650 _aConsumo Alimentar
650 _aGanho de Peso
650 _aOvo
650 _aProducao Animal
773 0 _tArquivo Brasileiro de Medicina Veterinaria e Zootecnia (Brazil)
_xISSN 0102-0935
_g(Jun 1998), v. 50(3) p. 329-335
_wBR9902264
909 _a202311
_bLúcia
_c55
_dLúcia Elande
942 _2AGRIS
_n0
_cANA
999 _c161557
_d161557